|
|
|
|
| LEADER |
00000nas a2200000 a 4500 |
| 001 |
ssj0000392750 |
| 003 |
WaSeSS |
| 005 |
20200512172242.0 |
| 006 |
m d |
| 007 |
cr n |
| 008 |
070409c20109999ii uu s 0 0eng c |
| 010 |
|
|
|a 2012256017
|
| 016 |
7 |
|
|a 2573344-8
|2 DE-600
|
| 016 |
7 |
|
|a 003282825
|2 IsJJNL
|
| 022 |
|
|
|a 0976-9285
|l 0974-8237
|y 0974-8237
|
| 035 |
|
|
|a (WaSeSS)ssj0000392750
|
| 040 |
|
|
|a INTCH
|b eng
|c INTCH
|d HEBIS
|d OCLCQ
|d AU@
|d SNM
|d CS1
|d OCLCQ
|d RBN
|d UX0
|d OCLCQ
|d CUS
|d OCLCQ
|d DLC
|d J9U
|d EUW
|d OCLCF
|d OCLCQ
|d BUF
|d MOW
|d CRU
|d WYU
|d VT2
|d WaSeSS
|
| 042 |
|
|
|a pcc
|
| 050 |
1 |
4 |
|a RD763
|
| 210 |
0 |
|
|a J. craniovertebr. junction spine
|b (Online)
|
| 222 |
|
0 |
|a Journal of craniovertebral junction and spine
|b (Online)
|
| 245 |
0 |
0 |
|a Journal of craniovertebral junction & spine
|h [electronic resource].
|
| 246 |
3 |
|
|a JCVJS
|
| 246 |
3 |
|
|a Journal of craniovertebral junction and spine
|
| 260 |
|
|
|a Mumbai, India :
|b Medknow Publications
|
| 362 |
1 |
|
|a Began with vol. 1, issue 1 (Jan.-June 2010).
|
| 506 |
|
|
|a License restrictions may limit access.
|
| 588 |
|
|
|a Description based on: Vol. 1, issue 1 (Jan.-June 2010), viewed Mar. 15, 2012; title from caption.
|
| 588 |
|
|
|a Latest issue consulted: Vol. 2, issue 1 (Jan.-June 2011) (viewed Mar. 15, 2012).
|
| 650 |
|
0 |
|a Atlanto-occipital joint
|v Periodicals.
|
| 650 |
|
0 |
|a Spine
|v Periodicals.
|
| 650 |
|
7 |
|a Atlanto-occipital joint.
|2 fast
|0 (OCoLC)fst00820238
|
| 650 |
|
7 |
|a Spine.
|2 fast
|0 (OCoLC)fst01129919
|
| 650 |
|
2 |
|a Atlanto-occipital joint
|v Periodicals.
|
| 650 |
|
2 |
|a Spine
|v Periodicals.
|
| 655 |
|
0 |
|a Electronic journals.
|
| 776 |
0 |
8 |
|i Print version:
|t Journal of craniovertebral junction & spine
|x 0974-8237
|w (DLC) 2011353421
|w (OCoLC)871189222
|
| 856 |
4 |
0 |
|z Full text available from Research Library: 01/01/2010 to present
|u https://search.proquest.com/publication/226487
|